| 000 | 00455nam a22001817a 4500 | ||
|---|---|---|---|
| 999 |
_c524771 _d524771 |
||
| 003 | NUST | ||
| 020 | _a- | ||
| 038 | _aZafar Malik | ||
| 082 |
_a891.423 _bWAQ |
||
| 100 |
_aWaqar, Azra _915564 |
||
| 245 |
_aBagan Waly Rah / _cAzra Waqar |
||
| 260 |
_aLahore : _bSuchait Kitab Ghar ; _c2003. |
||
| 300 | _a215 p. ; | ||
| 500 | _aHardcover | ||
| 880 |
_6100-02\r _aعزرا وقار |
||
| 880 |
_6245-02\r _aباگاں والے راہ |
||
| 942 |
_2ddc _cBK |
||